| 000 | 02795nam a22003497a 4500 | ||
|---|---|---|---|
| 999 |
_c21754 _d21754 |
||
| 003 | AR-CdUCM | ||
| 008 | 190425b ||||| |||| 00| 0 spa d | ||
| 040 |
_aMUNICIPALIDAD PROVINCIAL DEL CUSCO _cBIBLIOTECA MUNICIPAL DEL CUSCO |
||
| 082 | _aRev.Univ/N°100/1951 | ||
| 110 |
_aUniversidad Nacional de San Antonio Abad del Cusco _915942 |
||
| 245 |
_aRevista Universitaria : _bÓrgano de la Universidad del Cuzco / |
||
| 260 |
_aCusco : _bH.G. Rozas, _c1951. |
||
| 300 |
_a324 páginas. : _c20 cm. |
||
| 440 |
_aRevista Universitaria _nAño XL, 1° semestre 1951, N°100. _945975 |
||
| 500 | _aHomenaje a la Universidad Nacional Mayor de San Marcos en el IV Centenario de su fundación pontificia y real 1551-1951. | ||
| 505 | _aContenido: Nuestro homenaje -- Real cédula de fundación de la Universidad de San Marcos -- La universidad más antigua de América. Luis Antonio Eguiguren. -- Es la Universidad de Lima la más antigua de América. -- Cartas de próceres. Jorge Cornejo Bouroncle. -- Plata labrada. Documentos del Archivo Histórico de Cuzco. -- Inventario de la botica de los jesuitas. Documentos del Archivo Histórico de Cuzco. -- Bolívar en el Cuzco. Jorge Cornejo Bouroncle. -- Fisonomía y actualidad de la legislación de indias. César Augusto Reinaga. -- Julio C. Tello 1880-1947. Manuel K. Lothrop. -- La Universidad Nacional Mayor de San Marcos y el sabio peruano doctor Federico Villareal. Benjamín Rojas Díaz. -- Individualismo y Universidad ante la actitud creadora de la cultura . Astete Abril. -- El Das Man Heideggeriano y la actitud filosófica auténtica. Fernando Manrique. -- Las ciencias sociales frente al espiritualismo. Hugo H. Flórez Ugarte. -- Congreso de Filosofía. Humberto Vidal Unda. -- Justino Zavala Muñiz y su crónica. Luis Velazco Aragón. -- El mundo como unidad económica. Carlos Núñez Anavitarte. -- Una leyenda sobre la fundación del Tahuantinsuyo. Luis Eduardo Enríquez. -- Exposición de motivos del proyecto sustitutorio de reformas de la legislación penal. Francisco Ponce de León. -- La Real y Pontificia Universidad Mayor de San Marcos. Miguel Ángel Nieto. -- Donaciones con motivo del sismo de mayo. | ||
| 650 |
_aUniversidades _92151 |
||
| 650 |
_aSimón Bolívar _91694 |
||
| 650 |
_aFilosofía _9395 |
||
| 650 |
_aTawantinsuyu _91835 |
||
| 650 |
_aTerremoto de 1950 _945976 |
||
| 700 |
_aCornejo Bouroncle, Jorge _915278 |
||
| 700 |
_aChávez Ballón, Manuel _945977 |
||
| 700 |
_aRojas Díaz, Benjamín _932205 |
||
| 700 |
_aVidal Unda, Humberto _945978 |
||
| 700 |
_aVelazco Aragón, Luis _930611 |
||
| 700 |
_aEguiguren, Luis Antonio _925821 |
||
| 700 |
_aPonce de León, Francisco _929819 |
||
| 710 |
_aUniversidad Nacional de San Antonio Abad del Cusco _915942 |
||
| 942 |
_2ddc _cPP |
||
| 945 | _arac | ||